000 00424nam a22001697a 4500
003 MPLRDC
005 20220104124540.0
008 210129b ||||| |||| 00| 0 eng d
082 _a859.61 ETZS v.8
100 _a不详
245 _a没有歌喉的歌手
_c
260 _a
_b高艺企业有限公司
_c
300 _b
490 _a儿童知识故事丛书;8
650 _a儿童知识
942 _cBK
_o859.61 ETZS v.8
999 _c20228
_d20218